Normal view
MARC view
Entry Uniform Title
001 - CONTROL NUMBER
- control field: 49264
003 - CONTROL NUMBER IDENTIFIER
- control field: dpl
005 - DATE AND TIME OF LATEST TRANSACTION
- control field: 20120618122959.0
008 - FIXED-LENGTH DATA ELEMENTS
- fixed length control field: 120618|||a|||||| | ||| d
040 ## - CATALOGING SOURCE
- Original cataloging agency: dpl
- Transcribing agency: dpl
130 ## - HEADING--UNIFORM TITLE
- Uniform title: लोकोदय ग्रन्थमालाःग्रन्थांक 1027
670 ## - SOURCE DATA FOUND
- Source citation: Work cat.: (dpl): कई समयों में;, 2012
670 ## - SOURCE DATA FOUND
- Source citation: Work cat.: (dpl): कई समयों में;, 2012
